000 00990nam a22002657a 4500
005 20240530110600.0
008 160322s2012 ua g b 00| f ara d
017 _a2012/3316
_bمصر . دار الكتب المصرية
020 _a9789774990565
040 _aEG-CaGPL
082 0 4 _221
_a810.9015\
_bم م
100 0 _aمحمد تنفو
245 1 2 _aالمرأة المتجردة :
_bعجائب مائة ليلة و ليلة /
_cمحمد تنفو
250 _aط1
260 _aالقاهرة :
_bرؤية للنشر و التوزيع ،
_c2012 .
300 _a235 ص ؛
_c19 سم .
490 _aالسرد العربى ؛
_v3
504 _aيشتمل على ارجاعات ببليوجرافية
650 0 4 _aالادب الشعبى
650 0 4 _aالفولكلور
650 0 4 _aالقصص الشعبية
_xتاريخ و نقد
650 0 4 _aالقصص الخرافية
_xتاريخ و نقد
942 _2ddc
_cBK
999 _c62647
_d62647